[Event "Olympiad Women-41"]
[Site "Tromsoe"]
[Date "2014.08.09"]
[Round "7.4"]
[White "Revo, Tatiana"]
[Black "Gazikova, Veronika"]
[Result "0-1"]
[WhiteElo "2023"]
[BlackElo "2034"]
[PlyCount "58"]
[EventDate "2014.08.02"]
[EventType "team-swiss"]
[EventRounds "11"]
[EventCountry "NOR"]
[SourceTitle "CBM 162"]
[Source "ChessBase"]
[SourceDate "2014.09.17"]
[SourceVersion "1"]
[SourceVersionDate "2014.09.17"]
[SourceQuality "1"]
[WhiteTeam "Belarus (W)"]
[BlackTeam "Slovakia (W)"]
[WhiteTeamCountry "BLR"]
[BlackTeamCountry "SVK"]

1. e4 e6 2. d4 d5 3. Nd2 Nf6 4. e5 Nfd7 5. Bd3 c5 6. c3 Nc6 7. Ne2 cxd4 8. cxd4 f6 9. exf6 Nxf6 10. Nf3 Bd6 11. 0-0 Qc7 12. Nc3 a6 13. Re1 0-0 14. h3 Bd7 15. Bd2 b5 16. Rc1 Rae8 17. Ne5 Qb7 18. Bg5 Nxd4 19. Bxf6 Rxf6 20. Qh5 Nf5 21. Nxd7 Qxd7 22. Nxd5 Rh6 23. Qe2 Rf8 24. Nc3 Nd4 25. Qe4 Bb8 26. Qg4 Qd6 27. Qg3 Nf3+ 28. gxf3 Qxd3 29. Rcd1 Qf5 0-1